Missing Word: 'L' Authors Quiz Stats

Quiz Updated May 25, 2016

Challenge
Share
Tweet
Embed
Score 0/20 Timer 03:00
0 Plays Today
Author Answer % Correct
Harper _____Lee
99.2%
_____ TolstoyLeo
96.4%
_____ CarrollLewis
95.5%
_____ May AlcottLouisa
93.6%
_____ Ingalls WilderLaura
91.6%
Jack _____London
83.8%
D.H. _____Lawrence
82.6%
Stieg _____Larsson
63.1%
Robert _____Ludlum
61.4%
_____ DeightonLen
49.2%
Author Answer % Correct
H.P. _____Lovecraft
47.8%
Ira _____Levin
47.1%
_____ LowryLois
45%
Jorge _____ BorgesLuis
41.8%
_____ HughesLangston
40.8%
_____ Maud MontgomeryLucy
36.7%
Doris _____Lessing
30.6%
_____ NivenLarry
26.7%
Astrid _____Lindgren
24.4%
Jhumpa _____Lahiri
13.7%

Today's Daily Dose

Missing Word
Jazz Songs 'C'

On This Day
January 18th

You're not logged in!

Compare scores with friends on all Sporcle quizzes.
Sign Up with Email
OR
Log In

You Might Also Like...

Show Comments

Extras

Top Quizzes Today


Score Distribution

Your Account Isn't Verified!

In order to create a playlist on Sporcle, you need to verify the email address you used during registration. Go to your Sporcle Settings to finish the process.